| 000 | 00783nam a2200217 a 4500 | ||
|---|---|---|---|
| 003 | 0 | ||
| 005 | 20250303090224.0 | ||
| 008 | 090707s19uu xx 00 eng d | ||
| 050 |
_aPGS BF 575.T4 _b.Y94 2009 |
||
| 100 | _aYu, Jeong Gyu. | ||
| 245 |
_aTest anxiety between Korean and Filipino students / _cJeong Gyu Yu. |
||
| 260 |
_aLas Pinas City, Philippines : _bSouthville International School and Colleges, _c2009. |
||
| 300 |
_a21 pages : _billustrations ; _c28 cm. |
||
| 504 | _aIncludes bibliographic references. | ||
| 650 | _aTest anxiety in children. | ||
| 650 |
_aAcademic stress _vCross-cultural studies. |
||
| 650 |
_aExaminations _vPsychological aspects. |
||
| 650 |
_aFilipino students _vPsychology. |
||
| 650 |
_aKorean students _vPsychology. |
||
| 942 |
_2lcc _cPASS |
||
| 999 |
_c98224 _d98224 |
||